000 00663cab a2200253 4500
001 X1086
008 090401t1993 xxu||||| |||| 00| 0 eng d
035 _a(Sirsi) u14619
041 _aeng
100 _aTaussik, J.
245 _aCoastal resource management
260 _c1993
350 _a0
490 _aCS Monthly : Planning and Development bulletin
_v3(2) October 1993, 4(1)
650 _aCOASTAL RESOURCE MANAGEMENT
650 _aCOASTAL ZONES
650 _aPLANNING POLICY GUIDANCE NOTE 20
650 _aPPG20
650 _aSERPLAN
690 _aMARINE RESOURCES
690 _aPLANNING LAW AND PRACTICE
942 _n0
948 _c04/03/1997
999 _c9540
_d9540